00515nam a2200181Ia 4500008004100000020001800041082000800059100003600067245003400103250000600137260002300143300001700166500002400183650001200207942000700219952009000226999001700316230524s9999 xx 000 0 und d a9788131773611 bRAO aGottapu Sasibhushana Rao942710 0aMobile Cellular Communication a1 aNew DelhibPearson a"XVII,901p;" aQuantity Number: 1 aComp-Sc cBK 00104070aTATCLbTATCLcGENd2023-05-24l0o RAOp54059r2023-05-24w2023-05-24yBK c57696d57696